Electrical engineering :an introduction / (Record no. 179292)
[ view plain ]
| 000 -LEADER | |
|---|---|
| fixed length control field | 00952 a2200229 4500 |
| 003 - CONTROL NUMBER IDENTIFIER | |
| control field | Nust |
| 005 - DATE AND TIME OF LATEST TRANSACTION | |
| control field | 20221027122200.0 |
| 010 ## - LIBRARY OF CONGRESS CONTROL NUMBER | |
| LC control number | 83022866 |
| 020 ## - INTERNATIONAL STANDARD BOOK NUMBER | |
| International Standard Book Number | 0030617588 |
| 040 ## - CATALOGING SOURCE | |
| Transcribing agency | Nust |
| 082 00 - DEWEY DECIMAL CLASSIFICATION NUMBER | |
| Classification number | 621.3,SCH |
| 100 1# - MAIN ENTRY--PERSONAL NAME | |
| Personal name | Schwarz, Steven E. |
| 9 (RLIN) | 101484 |
| 245 10 - TITLE STATEMENT | |
| Title | Electrical engineering :an introduction / |
| Statement of responsibility, etc. | Steven E. Schwarz and William G. Oldham. |
| 260 ## - PUBLICATION, DISTRIBUTION, ETC. | |
| Place of publication, distribution, etc. | New York : |
| Name of publisher, distributor, etc. | Holt, Rinehart, and Winston, |
| Date of publication, distribution, etc. | c1984. |
| 300 ## - PHYSICAL DESCRIPTION | |
| Extent | xiv, 722 p. : |
| Other physical details | ill. ; |
| Dimensions | 25 cm. |
| 490 0# - SERIES STATEMENT | |
| Series statement | HRW series in electrical and computer engineering |
| 505 ## - FORMATTED CONTENTS NOTE | |
| Formatted contents note | Part 1:- Analysis of Passive DC Circuits (Page-19), Part 2:- Time Dependent Circuit Analysis (Page-137), Part 3:- Analog Systems (Page-267), Part 4:- Digital Systems (Page-361), Part 5:- Active Circuits (Page-445), Part 6:- Power Devices and Systems (Page-595), |
| 650 #0 - SUBJECT ADDED ENTRY--TOPICAL TERM | |
| Topical term or geographic name entry element | Electric circuits. |
| 9 (RLIN) | 10997 |
| 650 #0 - SUBJECT ADDED ENTRY--TOPICAL TERM | |
| Topical term or geographic name entry element | Electrical engineering. |
| 700 1# - ADDED ENTRY--PERSONAL NAME | |
| Personal name | Oldham, William G. |
| 9 (RLIN) | 101485 |
| 942 ## - ADDED ENTRY ELEMENTS (KOHA) | |
| Source of classification or shelving scheme | |
| Koha item type | Book |
| Withdrawn status | Lost status | Source of classification or shelving scheme | Damaged status | Not for loan | Permanent Location | Current Location | Shelving location | Date acquired | Full call number | Barcode | Date last seen | Price effective from | Koha item type | Public note |
|---|---|---|---|---|---|---|---|---|---|---|---|---|---|---|
| Military College of Signals (MCS) | Military College of Signals (MCS) | General Stacks | 12/12/2016 | 621.3,SCH | MCS5811 | 12/08/2016 | 12/12/2016 | Book | Almirah No.28, Shelf No.4 |
